Hodnotenie kvality statických obrazov

Gespeichert in:
Bibliographische Detailangaben
1. Verfasser: Zvonek, Ľuboš, 1989- (Verfasst von)
Weitere Verfasser: Polec, Jaroslav, 1964- (Betreuung Doktorarbeit)
Format: Manuskript Buch
Sprache:Slowakisch
Veröffentlicht: Bratislava : STU v Bratislave FEI, 2013
Schlagworte:
Online-Zugang:VAIS
Tags: Tag hinzufügen
Keine Tags, Fügen Sie das erste Tag hinzu!

MARC

LEADER 00000ntm a22000003a 4500
001 stu270439
005 20150617230231.5
008 130709s2013----xo------------------slo-d
040 |a STU  |b slo 
041 0 |a slo 
044 |a xo 
100 1 |a Zvonek, Ľuboš,  |d 1989-  |4 aut  |u E  |T FEI Fakulta elektrotechniky a informatiky  |X 56454  |U E  |Y 30  |7 A000056454 
242 0 0 |a Quality evaluation of static images  |y eng 
245 1 |a Hodnotenie kvality statických obrazov 
260 |a Bratislava :  |b STU v Bratislave FEI,  |c 2013 
300 |a 46 s  |c CD-ROOM 
650 7 |a Telekomunikácie  |2 stusub 
650 7 |a Telecommunications  |2 estusub 
700 1 |a Polec, Jaroslav,  |d 1964-  |4 ths  |u E070  |U FEI Fakulta elektrotechniky a informatiky  |T FEI Ústav telekomunikácií  |X 2004  |U E070  |Y 818  |7 A000002004 
856 4 |a info a plný text  |u http://is.stuba.sk/zp/portal_zp.pl?podrobnosti=89314  |3 VAIS 
996 |b 284EP10546  |c E*DIPL-10546  |l EE37  |s P  |a 0  |w stu270439_0001